000 00279nam a2200121Ia 4500
008 190216s9999||||xx |||||||||||||| ||und||
100 _aMahajan Vd
245 0 _aModern Indian History
260 _bS Chand & Co
_c2000
300 _a685p
650 _aIndian History
942 _cBK
999 _c21906
_d21906